Regionálne produkty ako súčasť produktu cestovného ruchu bakalárska práca

Gespeichert in:
Bibliographische Detailangaben
1. Verfasser: Kirnová, Lenka
Körperschaft: Obchodná fakulta EU. Katedra tovaroznalectva a kvality tovaru
Weitere Verfasser: Krnáčová, Paulína, 1983-
Format: Buch
Sprache:Slowakisch
Veröffentlicht: Bratislava 2014
Tags: Tag hinzufügen
Keine Tags, Fügen Sie das erste Tag hinzu!

MARC

LEADER 00000nbm a2200000 4500
001 0188345
005 20170201101858.5
041 0 |a slo 
044 |a SK 
245 1 0 |a Regionálne produkty ako súčasť produktu cestovného ruchu  |b bakalárska práca  |c Lenka Kirnová ; školiteľ: Paulína Krnáčová 
264 1 |a Bratislava  |c 2014 
300 |a 47 s. 
100 1 |a Kirnová, Lenka 
700 1 |a Krnáčová, Paulína, 1983- 
710 2 |a Obchodná fakulta EU. Katedra tovaroznalectva a kvality tovaru